| 000 | 00338cam a22001097a 4500 | ||
|---|---|---|---|
| 008 | 180718b1988 xxu||||| |||| 00| 0 eng d | ||
| 082 | _aR16x54 In2wo | ||
| 245 |
_aWomen in India _cby Labour Bureau, Ministry of Labour |
||
| 260 |
_aChandigarh _bGovernment of India _c1988 |
||
| 300 | _a39p | ||
| 700 | _aIndia. Labour Bureau, Ministry of Labour | ||
| 999 |
_c495826 _d495826 |
||